| 000 -LEADER |
| fixed length control field |
00807cam a2200265 a 4500 |
| 001 - CONTROL NUMBER |
| control field |
12401681 |
| 005 - DATE AND TIME OF LATEST TRANSACTION |
| control field |
20180129051014.0 |
| 008 - FIXED-LENGTH DATA ELEMENTS--GENERAL INFORMATION |
| fixed length control field |
010507s1998 caua b 001 0 eng d |
| 010 ## - LIBRARY OF CONGRESS CONTROL NUMBER |
| LC control number |
97091202 |
| 020 ## - INTERNATIONAL STANDARD BOOK NUMBER |
| International Standard Book Number |
0962936022 (pbk.) |
| 035 ## - SYSTEM CONTROL NUMBER |
| System control number |
(OCoLC)ocm38285026 |
| 040 ## - CATALOGING SOURCE |
| Original cataloging agency |
HQB |
| Transcribing agency |
HQB |
| Modifying agency |
ORU |
| -- |
JYJ |
| -- |
DLC |
| 041 ## - LANGUAGE CODE |
| Language code of text/sound track or separate title |
eng |
| 042 ## - AUTHENTICATION CODE |
| Authentication code |
lccopycat |
| 043 ## - GEOGRAPHIC AREA CODE |
| Geographic area code |
n-us--- |
| 080 ## - UNIVERSAL DECIMAL CLASSIFICATION NUMBER |
| Universal Decimal Classification number |
37 HAR |
| 100 1# - Rafti |
| Rafti |
46 |
| 101 ## - Shkurtesa |
| Shkurtesa |
EDU |
| 245 14 - TITLE STATEMENT |
| Title |
The first days of school : |
| Statement of responsibility, etc |
by Harry K. Wong & Rosemary T. Wong. |
| 246 3# - VARYING FORM OF TITLE |
| Title proper/short title |
How to be an effective teacher |
| 504 ## - BIBLIOGRAPHY, ETC. NOTE |
| Bibliography, etc |
Includes bibliographical references and index. |
| 906 ## - LOCAL DATA ELEMENT F, LDF (RLIN) |
| a |
7 |
| b |
cbc |
| c |
copycat |
| d |
3 |
| e |
ncip |
| f |
19 |
| g |
y-gencatlg |
| 942 ## - ADDED ENTRY ELEMENTS (KOHA) |
| Source of classification or shelving scheme |
|
| Item type |
Books |